ARRUPE JESUIT UNIVERSITY

CORONAVIRUS -STOP THE SPREAD - CLEAN,DISINFECT,COVER

God is not great : (Record no. 117768)

MARC details
000 -LEADER
fixed length control field 01264cam a2200325 a 4500
001 - CONTROL NUMBER
control field 14449933
003 - CONTROL NUMBER IDENTIFIER
control field ARRUPE
005 - DATE AND TIME OF LATEST TRANSACTION
control field 20140216020005.0
008 - FIXED-LENGTH DATA ELEMENTS--GENERAL INFORMATION
fixed length control field 060713s2007 nyu b 001 0 eng
010 ## - LIBRARY OF CONGRESS CONTROL NUMBER
LC control number 2006023039
020 ## - INTERNATIONAL STANDARD BOOK NUMBER
International Standard Book Number 9780446579803
020 ## - INTERNATIONAL STANDARD BOOK NUMBER
International Standard Book Number 0446579807
035 ## - SYSTEM CONTROL NUMBER
System control number (OCoLC)ocm70630426
040 ## - CATALOGING SOURCE
Original cataloging agency DLC
Transcribing agency DLC
Modifying agency BAKER
-- BTCTA
-- YDXCP
-- VPL
-- NSB
-- JED
-- C#P
-- DLC
050 00 - LIBRARY OF CONGRESS CALL NUMBER
Classification number BL2775.3
Item number .H58 2007
082 00 - DEWEY DECIMAL CLASSIFICATION NUMBER
Classification number 200
Edition number 22
300 ## - PHYSICAL DESCRIPTION
Dimensions 24 cm.
100 1# - MAIN ENTRY--PERSONAL NAME
Personal name Hitchens, Christopher.
9 (RLIN) 83
245 10 - TITLE STATEMENT
Title God is not great :
Remainder of title how religion poisons everything /
Statement of responsibility, etc Christopher Hitchens.
250 ## - EDITION STATEMENT
Edition statement 1st ed.
260 ## - PUBLICATION, DISTRIBUTION, ETC. (IMPRINT)
Place of publication, distribution, etc New York :
Name of publisher, distributor, etc Twelve,
Date of publication, distribution, etc 2007.
300 ## - PHYSICAL DESCRIPTION
Extent 307 p. ;
520 ## - SUMMARY, ETC.
Summary, etc "A case against religion and a description of the ways in which religion is man-made"--Provided by the publisher.
650 #0 - SUBJECT ADDED ENTRY--TOPICAL TERM
Topical term or geographic name as entry element Religion
Form subdivision Controversial literature.
9 (RLIN) 84
650 #0 - SUBJECT ADDED ENTRY--TOPICAL TERM
Topical term or geographic name as entry element Rationalism.
9 (RLIN) 85
856 42 - ELECTRONIC LOCATION AND ACCESS
Materials specified Publisher description
Uniform Resource Identifier <a href="http://www.loc.gov/catdir/enhancements/fy0654/2006023039-d.html">http://www.loc.gov/catdir/enhancements/fy0654/2006023039-d.html</a>
856 42 - ELECTRONIC LOCATION AND ACCESS
Materials specified Contributor biographical information
Uniform Resource Identifier <a href="http://www.loc.gov/catdir/enhancements/fy0742/2006023039-b.html">http://www.loc.gov/catdir/enhancements/fy0742/2006023039-b.html</a>
906 ## - LOCAL DATA ELEMENT F, LDF (RLIN)
a 7
b cbc
c orignew
d 1
e ecip
f 20
g y-gencatlg
942 ## - ADDED ENTRY ELEMENTS (KOHA)
Source of classification or shelving scheme Library of Congress Classification
Koha item type Monograph ( Printed materials)
Koha issues (borrowed), all copies 1
Holdings
Withdrawn status Lost status Source of classification or shelving scheme Damaged status Not for loan Home library Current library Date acquired Total Checkouts Full call number Barcode Date last seen Date checked out Price effective from Koha item type
    Library of Congress Classification     ARRUPE LIBRARY ARRUPE LIBRARY 12/09/2013 2 BL2775.3 .H58 2007 46411664 13/11/2017 23/10/2017 12/09/2013 Monograph ( Printed materials)

 

Arrupe Library. PO Box MP320 Mt Pleasant, Harare, Zimbabwe
263 242 745411|librarian@aju.ac.zw